000 00289nam a2200109Ia 4500
008 190914s9999||||xx |||||||||||||| ||und||
100 _aAndreas F. Molisch
245 0 _aWideband Wireless Digital Communications
260 _aNew Delhi
_bTata McGraw Hill
_c2002
300 _a696
942 _cBK
999 _c9556
_d9556